Tabulky a diagramy z oboru paliv Díl 2
Uložené v:
| Hlavný autor: | |
|---|---|
| Médium: | Kniha |
| Jazyk: | Czech |
| Vydané: |
Praha :
Státní nakladatelství technické literatury,
1957.
|
| Vydanie: | 1. vyd. |
| ISBN: |
(viaz.) |
| Fyzický popis: |
468 s. + 17 tb. na voľ. listoch |
| Tagy: |
Pridať tag
Žiadne tagy, Buďte prvý kto otaguje tento záznam!
|
Titul je dostupný aj v ... 

MARC
| LEADER | 00000nam a22000002a 4500 | ||
|---|---|---|---|
| 001 | 000463578 | ||
| 005 | 20150411113146.0 | ||
| 008 | 010907 1957 xr e cze d | ||
| 020 | |a (viaz.) |c Kčs 37,00 | ||
| 040 | |a SVKKK |b slo |c SVKKK |e AACR2 | ||
| 041 | 0 | |a cze | |
| 044 | |a xr |c CZ | ||
| 100 | 1 | |a Landa, Stanislav |d 1898-1981 |4 aut | |
| 245 | 1 | 0 | |a Tabulky a diagramy z oboru paliv |n Díl 2 |c Stanislav Landa. |
| 250 | |a 1. vyd. | ||
| 260 | |a Praha : |b Státní nakladatelství technické literatury, |c 1957. | ||
| 300 | |a 468 s. + |e 17 tb. na voľ. listoch | ||
| 910 | |a svkkk | ||
| 998 | |a BK | ||
| 090 | |g SCKHL |k Sklad Pribinova 1. posch. |a IV.12347 |j 143743 |i 463578-20 |s Prezenčne | ||
| 090 | |g SCKHL |k Sklad Pribinova 1. posch. |a IV.16189 |j 155208 |i 463578-10 |s Prezenčne | ||